| 000 | 00495 a2200169 4500 | ||
|---|---|---|---|
| 003 | Nust | ||
| 005 | 20251015130322.0 | ||
| 040 | _cNust | ||
| 082 | _a621.382 | ||
| 100 |
_aTanvir, Maj Muhammad (TE-21) _9131156 |
||
| 245 |
_aTV Transmission standards / _bMaj Muhammad Tanvie , Capt Abid Mahmood , Capt Umar Farooq , Capt Arshad Kayani, Capt Athar Rashid |
||
| 260 |
_aUET,Lahore _bMCS _c1989 |
||
| 300 | _a91,p.; | ||
| 650 |
_aUG Project _9131132 |
||
| 651 |
_aTE-21 _9131152 |
||
| 942 |
_cPR _2ddc |
||
| 999 |
_c215416 _d215416 |
||